[Event "AUTO-ELITE-255"]
[Site "http://www.queenalice.com/game.php?id=503442"]
[Date "2008.12.5"]
[Round "1"]
[White "csparrow"]
[Black "javdh"]
[Result "1-0"]
[WhiteElo "2503"]
[BlackElo "2155"]

1. Nf3 d5 2. d4 Nf6 3. c4 e6 4. Nc3 Bb4 5. e3 O-O 6. Bd3 b6 7. O-O Ba6 8. cxd5
Bxd3 9. Qxd3 exd5 10. Bd2 a5 11. Ne5 Re8 12. Rac1 c5 13. Qf5 Qc8 14. Qxc8 Rxc8
15. dxc5 bxc5 16. Rfd1 Nbd7 17. Nxd7 Nxd7 18. Nxd5 Kf8 19. e4 Bxd2 20. Rxd2 a4
21. Ne3 Nb6 22. f3 g6 23. Rd6 Rab8 24. Rc2 h5 25. Kf2 Ke7 26. Rxb6 Rxb6 27. Nd5+
Ke6 28. Nxb6 Rc6 29. Nxa4 Rc8 30. Nxc5+ Ke7 31. a4 1-0

[Event "AUTO-MASTER-581"]
[Site "http://www.queenalice.com/game.php?id=511767"]
[Date "2008.12.23"]
[Round "2"]
[White "TheBigSid"]
[Black "javdh"]
[Result "1-0"]
[WhiteElo "2144"]
[BlackElo "2130"]

1. d4 d5 2. c4 e6 3. e3 Nf6 4. Nf3 c5 5. Nc3 Be7 6. cxd5 exd5 7. Bd3 c4 8. Bc2
O-O 9. O-O Nc6 10. b3 Bb4 11. Bb2 Bg4 12. bxc4 Ne4 13. Nxe4 Bxf3 14. Qxf3 dxe4
15. Qxe4 g6 16. Rfd1 Be7 17. Rab1 Re8 18. Qf3 Bf6 19. Ba4 Rf8 20. Bxc6 bxc6 21.
Qxc6 Rc8 22. Qa4 Qc7 23. c5 Rfe8 24. Bc3 Re4 25. Qa6 Bg7 26. Qb7 Re7 27. Qxc7
Rexc7 28. Ba5 Rd7 29. f3 Bh6 30. Kf2 Re7 31. e4 Bg7 32. c6 h5 33. d5 Re5 34. Bc3
Ree8 35. Bxg7 Kxg7 36. Ke3 Kf6 37. Rb7 Re7 38. Rxe7 1-0

[Event "AUTO-MASTER-581"]
[Site "http://www.queenalice.com/game.php?id=511768"]
[Date "2008.12.23"]
[Round "2"]
[White "javdh"]
[Black "TheBigSid"]
[Result "0-1"]
[WhiteElo "2142"]
[BlackElo "2132"]

1. e4 e6 2. d4 d5 3. e5 c5 4. c3 Nc6 5. Nf3 Qb6 6. a3 c4 7. Be2 Bd7 8. O-O Na5
9. Ra2 Nb3 10. Be3 Ne7 11. Nbd2 Nxd2 12. Qxd2 Nc6 13. Raa1 Na5 14. Bd1 Be7 15.
Rb1 Nb3 16. Bxb3 Qxb3 17. Ng5 h6 18. Nf3 Rc8 19. Ra1 Rc6 20. Qc1 Rb6 21. Rb1 Ba4
22. Nd2 Qc2 23. Nf3 O-O 24. Ne1 Qxc1 25. Bxc1 Bd1 26. Nf3 Bxf3 27. gxf3 Bxa3 28.
Ra1 Bxb2 29. Bxb2 Rxb2 30. Rxa7 b5 31. Rc1 Rb8 32. Raa1 b4 33. cxb4 R8xb4 34.
Kg2 Rd2 35. Rd1 Rbb2 36. Rxd2 Rxd2 37. Kf1 Rxd4 38. Rc1 Kh7 39. Ke2 Rh4 40. Rh1
Kg6 0-1

[Event "AUTO-MASTER-581"]
[Site "http://www.queenalice.com/game.php?id=511769"]
[Date "2008.12.23"]
[Round "2"]
[White "Alexandrovinsk"]
[Black "javdh"]
[Result "0-1"]
[WhiteElo "2037"]
[BlackElo "2172"]

1. e4 c5 2. Nf3 Nc6 3. g3 e5 4. c3 Nf6 5. d3 d5 6. exd5 Nxd5 7. d4 cxd4 8. cxd4
Bg4 9. dxe5 Ne3 10. Bxe3 Qxd1+ 11. Kxd1 Bxf3+ 12. Kc2 Bxh1 13. Bb5 a6 14. Be2
Be4+ 15. Kd1 Nxe5 16. Nc3 Rd8+ 17. Ke1 Bb4 18. Rc1 Bd3 19. Bd2 O-O 20. a3 Bxc3
21. Bxc3 Bxe2 22. Kxe2 Rfe8 0-1

[Event "AUTO-MASTER-581"]
[Site "http://www.queenalice.com/game.php?id=511770"]
[Date "2008.12.23"]
[Round "2"]
[White "javdh"]
[Black "Alexandrovinsk"]
[Result "0-1"]
[WhiteElo "2199"]
[BlackElo "2155"]

1. e4 e6 2. d4 d5 3. e5 c5 4. c3 Nc6 5. Nf3 Qb6 6. a3 Nge7 7. b4 cxd4 8. b5 Na5
9. Nxd4 Bd7 10. a4 Rc8 11. f4 g6 12. Bb2 Nc4 13. Bxc4 dxc4 14. Na3 Bg7 15. Qe2
Nd5 16. g3 O-O 17. Rc1 f6 18. Nxc4 Qc7 19. Nd6 fxe5 20. fxe5 Rcd8 21. c4 Nb4 22.
Ba3 Bxe5 23. Bxb4 Bxd4 24. Rd1 Bf2+ 25. Kd2 Bc5 26. Bxc5 Qxc5 27. Kc2 Rf2 28.
Qxf2 Qxf2+ 29. Rd2 Qb6 30. Rhd1 e5 31. Ne4 Rc8 32. Rxd7 Rxc4+ 33. Nc3 Qa5 34.
R1d3 Qxa4+ 35. Kd2 Qb4 36. Kc2 Qxb5 37. Re7 Qa4+ 38. Kd2 Qa5 39. Kc2 b5 40. Kd2
b4 41. Rdd7 bxc3+ 42. Kd3 Rd4+ 43. Rxd4 exd4 44. Re2 Qb5+ 0-1

[Event "AUTO-MASTER-648"]
[Site "http://www.queenalice.com/game.php?id=536903"]
[Date "2009.2.8"]
[Round "2"]
[White "javdh"]
[Black "gero79"]
[Result "0-1"]
[WhiteElo "2118"]
[BlackElo "2352"]

1. e4 c5 2. Nf3 d6 3. Nc3 Nf6 4. Bc4 Nc6 5. O-O Bg4 6. h3 Bh5 7. Bb5 a6 8. Bxc6+
bxc6 9. d4 Bxf3 10. Qxf3 cxd4 11. Ne2 e5 12. Bg5 h6 13. Bxf6 Qxf6 14. Qxf6 gxf6
15. Ng3 Rb8 16. b3 d5 17. exd5 cxd5 18. Rad1 Rc8 19. Rc1 Ba3 20. Rce1 Rxc2 21.
Re2 d3 22. Re3 e4 23. Rd1 O-O 24. Nf5 Bc5 25. Rg3+ Kh7 26. Ne3 Rc8 0-1

[Event "AUTO-MASTER-648"]
[Site "http://www.queenalice.com/game.php?id=536904"]
[Date "2009.2.8"]
[Round "2"]
[White "gero79"]
[Black "javdh"]
[Result "1-0"]
[WhiteElo "2265"]
[BlackElo "2184"]

1. d4 d5 2. c4 c6 3. Nc3 Nf6 4. g3 e6 5. Bg2 Bb4 6. Qb3 Na6 7. Nf3 Ne4 8. O-O
Nxc3 9. bxc3 Ba5 10. cxd5 cxd5 11. Ba3 Bc7 12. c4 Bd6 13. Qb5+ Bd7 14. Qxb7 Bxa3
15. Qxa6 Be7 16. Ne5 Bf6 17. cxd5 Rc8 18. Qxa7 Bxe5 19. dxe5 Rc7 20. Qb6 O-O 21.
d6 Rc8 22. Qxd8 Rfxd8 23. a4 1-0

[Event "AUTO-MASTER-648"]
[Site "http://www.queenalice.com/game.php?id=536905"]
[Date "2009.2.8"]
[Round "2"]
[White "javdh"]
[Black "Miguelname"]
[Result "0-1"]
[WhiteElo "2153"]
[BlackElo "2368"]

1. e4 c5 2. Nc3 Nc6 3. Nf3 g6 4. Bb5 Bg7 5. d3 d6 6. h3 a6 7. Bxc6+ bxc6 8. O-O
e5 9. Ng5 h6 10. Nf3 Rb8 11. Re1 g5 12. b3 g4 13. hxg4 Bxg4 14. Nb1 Qf6 15. Nbd2
Ne7 16. Ba3 Ng6 17. Re3 h5 18. Qe1 Bh6 19. Re2 h4 0-1

[Event "AUTO-MASTER-648"]
[Site "http://www.queenalice.com/game.php?id=536906"]
[Date "2009.2.8"]
[Round "2"]
[White "Miguelname"]
[Black "javdh"]
[Result "1-0"]
[WhiteElo "2374"]
[BlackElo "2147"]

1. d4 d5 2. c4 dxc4 3. Nf3 Nf6 4. e3 e6 5. Bxc4 c5 6. O-O Nc6 7. Nc3 Be7 8. dxc5
Qxd1 9. Rxd1 Bxc5 10. b3 O-O 11. Bb2 a6 12. Na4 Ba7 13. Be2 b5 14. Bxf6 gxf6 15.
Nc3 f5 16. Rac1 Bb7 17. Rd7 Rab8 18. a4 bxa4 19. Nxa4 1-0

[Event "AUTO-MASTER-617"]
[Site "http://www.queenalice.com/game.php?id=556171"]
[Date "2009.3.14"]
[Round "2"]
[White "BEBADO"]
[Black "javdh"]
[Result "1-0"]
[WhiteElo "2239"]
[BlackElo "2113"]

1. d4 d5 2. c4 c6 3. cxd5 cxd5 4. Nc3 Nf6 5. Nf3 Nc6 6. Bf4 Qb6 7. a3 e6 8. e3
Ne4 9. Qc2 Nxc3 10. bxc3 Be7 11. Bd3 Bd7 12. O-O Rc8 13. Rfb1 1-0

[Event "AUTO-MASTER-617"]
[Site "http://www.queenalice.com/game.php?id=556172"]
[Date "2009.3.14"]
[Round "2"]
[White "javdh"]
[Black "BEBADO"]
[Result "0-1"]
[WhiteElo "2105"]
[BlackElo "2247"]

1. e4 c5 2. Nc3 Nc6 3. Nf3 e6 4. Bb5 Nge7 5. d4 cxd4 6. Nxd4 Nxd4 7. Qxd4 Nc6 8.
Bxc6 dxc6 9. Qxd8+ Kxd8 10. O-O Bb4 11. Bd2 e5 12. Rad1 Bd7 13. a3 Ba5 0-1

[Event "AUTO-MASTER-617"]
[Site "http://www.queenalice.com/game.php?id=556177"]
[Date "2009.3.14"]
[Round "2"]
[White "javdh"]
[Black "philipp84lemke"]
[Result "0-1"]
[WhiteElo "2096"]
[BlackElo "2230"]

1. e4 e5 2. Nf3 Nc6 3. Bc4 Nf6 4. d3 Be7 5. Nc3 d6 6. O-O Bg4 7. h3 Bh5 8. Qd2
Bxf3 9. gxf3 Qd7 10. Kh2 Nd4 11. Qd1 Nh5 12. Nd5 O-O 13. f4 Nxf4 14. Nxf4 exf4
15. Bxf4 b5 16. Bb3 a5 17. c3 Nxb3 18. axb3 f5 0-1

[Event "AUTO-MASTER-617"]
[Site "http://www.queenalice.com/game.php?id=556178"]
[Date "2009.3.14"]
[Round "2"]
[White "philipp84lemke"]
[Black "javdh"]
[Result "1-0"]
[WhiteElo "2238"]
[BlackElo "2085"]

1. d4 d5 2. c4 Nf6 3. cxd5 Qxd5 4. Nc3 Qd8 5. Nf3 e6 6. Bg5 Be7 7. e4 Nc6 8. a3
h6 9. Bh4 g5 10. Bg3 Nh5 11. Be5 Rg8 12. Nb5 Nxe5 13. Nxe5 Nf6 14. Qc2 c6 15.
Nxc6 bxc6 16. Qxc6+ Bd7 17. Nc7+ Kf8 18. Qxa8 1-0

[Event "AUTO-MASTER-617"]
[Site "http://www.queenalice.com/game.php?id=556179"]
[Date "2009.3.14"]
[Round "2"]
[White "javdh"]
[Black "HelderNanques"]
[Result "0-1"]
[WhiteElo "2042"]
[BlackElo "2159"]

1. e4 e6 2. d4 d5 3. e5 c5 4. c3 Nc6 5. Nf3 Bd7 6. Be3 Qb6 7. Qd2 Rc8 8. Be2
cxd4 9. Nxd4 Nxd4 10. Bxd4 Bc5 11. O-O Ne7 12. a3 Bxd4 13. cxd4 Nf5 14. Rd1 Ba4
15. Rc1 O-O 16. Nc3 Bd7 17. Rd1 Rc7 18. Bg4 Ne7 19. Rab1 Qb3 0-1

[Event "AUTO-MASTER-617"]
[Site "http://www.queenalice.com/game.php?id=556180"]
[Date "2009.3.14"]
[Round "2"]
[White "HelderNanques"]
[Black "javdh"]
[Result "1-0"]
[WhiteElo "2167"]
[BlackElo "2031"]

1. c4 e5 2. Nc3 Nc6 3. d3 Bc5 4. g3 Nf6 5. Bg2 Ng4 6. e3 d6 7. a3 a5 8. h3 Nf6
9. Nge2 O-O 10. O-O Bd7 11. Kh2 h6 12. Bd2 Qc8 13. Nd5 Nxd5 14. cxd5 Ne7 15. Nc3
b5 16. e4 f5 17. Be3 Bxe3 18. fxe3 1-0